000 00802nam a22002057a 4500
999 _c12845
_d12845
003 AR-CdUCM
008 190410b ||||| |||| 00| 0 spa d
040 _aMUNICIPALIDAD PROVINCIAL DEL CUSCO
_cBIBLIOTECA MUNICIPAL DEL CUSCO
082 _a498.51 /
_bA31
100 _aAguilar Paez, Rafael
_910223
245 _aGramática quechua y vocabularios /
260 _aLima :
_bUNMSM,
_c1970.
300 _a238 páginas ;
_c25 cm.
505 _aContenido: Arte o gramática de la lengua quechua -- Vocabulario español y quechua -- Vocabulario quechua y español -- Antecedentes y adiciones ilustrativas.
650 _aGramática quechua
_918225
650 _aLingüística quechua
_930928
710 _aUniversidad Nacional Mayor de San Marcos
_95627
942 _2ddc
_cLIBROS
945 _aacv
_d2019-04-10